| 000 | 00757cam a2200229 a 4500 | ||
|---|---|---|---|
| 001 | 000014370 | ||
| 005 | 20200929163607.0 | ||
| 008 | 831209s1976 sp 001 0 spa | ||
| 040 |
_aDO-SdBNP _bspa _cCarP _dDLC _dBNPHU |
||
| 082 |
_a321.6 _bB473q |
||
| 100 | 1 |
_aBenoist, Charles, _d1861-1936. _932447 |
|
| 245 | 1 | 0 |
_aLo que podría hacer la monarquía / _cCharles Benoist. |
| 260 |
_aMadrid, España : _bEditorial Doncel, _c1976. |
||
| 300 |
_a124 p. ; _c19 cm. |
||
| 490 | 1 |
_aEl libro de bolsillo doncel _v90 |
|
| 650 | 4 |
_aMonarquía _932448 |
|
| 651 | 4 |
_aFrancia _xPolítica Y Gobierno _932449 |
|
| 650 | 4 |
_aMonarquía francesa _xHistoria _932450 |
|
| 830 | 0 |
_aEl Libro de bolsillo doncel ; _v90 _98628 |
|
| 910 | _aCatalogación derivada | ||
| 049 | _aBNGR | ||
| 999 |
_c13962 _d13962 |
||